Detalles MARC
| 000 -CABECERA |
| campo de control de longitud fija |
01166cam a22003853a 4500 |
| 001 - NÚMERO DE CONTROL |
| campo de control |
0000780 |
| 003 - IDENTIFICADOR DEL NÚMERO DE CONTROL |
| campo de control |
DO-SdBPM |
| 005 - FECHA Y HORA DE LA ÚLTIMA TRANSACCIÓN |
| campo de control |
20260309125745.0 |
| 007 - CAMPO FIJO DE DESCRIPCIÓN FÍSICA--INFORMACIÓN GENERAL |
| campo de control de longitud fija |
ta |
| 008 - DATOS DE LONGITUD FIJA--INFORMACIÓN GENERAL |
| campo de control de longitud fija |
8611122009 mx a 000 0 spa d |
| 010 ## - NÚMERO DE CONTROL DE LA BIBLIOTECA DEL CONGRESO |
| Número de control de LC |
|
| 020 ## - NÚMERO INTERNACIONAL ESTÁNDAR DEL LIBRO |
| Número Internacional Estándar del Libro |
9786071101068 |
| 040 ## - FUENTE DE LA CATALOGACIÓN |
| Centro catalogador/agencia de origen |
DO-SdBPM |
| Centro/agencia transcriptor |
spa |
| Centro/agencia modificador |
BPMSU |
| -- |
|
| Normas de descripción |
rda |
| 082 04 - NÚMERO DE LA CLASIFICACIÓN DECIMAL DEWEY |
| Número de clasificación |
A861.6 |
| Número de documento/Ítem |
B736c 2009 |
| Número de edición |
22 |
| 100 1# - ENTRADA PRINCIPAL--NOMBRE DE PERSONA |
| Nombre de persona |
Bornemann, Elsa |
| Fechas asociadas al nombre |
1952- |
| Término indicativo de función/relación |
autor |
| Código de función/relación |
aut. |
| 245 10 - MENCIÓN DE TÍTULO |
| Título |
Corazonadas : |
| Resto del título |
el libro II de los chicos enamorados / |
| Mención de responsabilidad, etc. |
Elsa Bornemann ; ilustraciones O´Kif |
| 250 ## - MENCIÓN DE EDICIÓN |
| Mención de edición |
|
| 260 ## - PUBLICACIÓN, DISTRIBUCIÓN, ETC. |
| Fecha de fabricación/manufactura |
|
| 264 ## - PRODUCCIÓN, PUBLICACIÓN, DISTRIBUCIÓN, FABRICACIÓN Y COPYRIGHT |
| Producción, publicación, distribución, fabricación y copyright |
México : |
| Nombre del de productor, editor, distribuidor, fabricante |
Alfaguara, |
| Fecha de producción, publicación, distribución, fabricación o copyright |
2009. |
| 300 ## - DESCRIPCIÓN FÍSICA |
| Extensión |
150 páginas : |
| Otras características físicas |
ilustraciones |
| Dimensiones |
20 cm. |
| 336 ## - TIPO DE CONTENIDO |
| Término de tipo de contenido |
texto |
| Código de tipo de contenido |
txt |
| Fuente |
rdacontent |
| 337 ## - TIPO DE MEDIO |
| Nombre/término del tipo de medio |
sin mediación |
| Código del tipo de medio |
n |
| Fuente |
rdamedia |
| 338 ## - TIPO DE SOPORTE |
| Nombre/término del tipo de soporte |
volumen |
| Código del tipo de soporte |
nc |
| Fuente |
rdacarrier |
| 490 0# - MENCIÓN DE SERIE |
| Mención de serie |
Alfaguara infantil |
| 500 ## - NOTA GENERAL |
| Nota general |
Incluye datos biográficos de la autora. |
| 521 ## - NOTA DE PÚBLICO DESTINATARIO |
| Nota de público destinatario |
A partir de 10 años. |
| 590 ## - NOTA LOCAL (RLIN) |
| Nota local |
Inventariado, 2026/VM |
| 600 00 - PUNTO DE ACCESO ADICIONAL DE MATERIA--NOMBRE DE PERSONA |
| Nombre de persona |
|
| Subdivisión general |
|
| 650 #7 - PUNTO DE ACCESO ADICIONAL DE MATERIA--TÉRMINO DE MATERIA |
| Término de materia o nombre geográfico como elemento de entrada |
Poesía infantil argentina |
| 650 #7 - PUNTO DE ACCESO ADICIONAL DE MATERIA--TÉRMINO DE MATERIA |
| Término de materia o nombre geográfico como elemento de entrada |
Poesía amorosa |
| 650 #7 - PUNTO DE ACCESO ADICIONAL DE MATERIA--TÉRMINO DE MATERIA |
| Término de materia o nombre geográfico como elemento de entrada |
Enamorados |
| Subdivisión de forma |
Poesías |
| 700 1# - PUNTO DE ACCESO ADICIONAL--NOMBRE DE PERSONA |
| Nombre de persona |
O´Kif |
| Término indicativo de función/relación |
ilustración |
| 910 ## - DATOS DE OPCIÓN DEL USUARIO (OCLC) |
| Datos de opción del usuario |
VMateo V. Control de caldiad. BPMSU |
| 942 ## - ELEMENTOS DE PUNTO DE ACCESO ADICIONAL (KOHA) |
| Fuente del sistema de clasificación o colocación |
Dewey Decimal Classification |
| Tipo de ítem Koha |
Libros |